| 000 | 00351pam a2200145a 44500 | ||
|---|---|---|---|
| 008 | 230405s xxu||||| |||| 00| 0 eng d | ||
| 041 | _aENG | ||
| 100 | _aSMITH A | ||
| 245 | _aBIOCHEMISTRY ILLUSTRATED | ||
| 250 | _a4 2000 | ||
| 260 |
_aTOKYO _bCHURCHILL LIVININGSTONE TOKYO _c |
||
| 300 | _a218 | ||
| 650 | _aPHARMACEUTICAL CHEMISTRY | ||
| 906 | _a1075 | ||
| 999 |
_c276346 _d276346 |
||